000 01035nam a2200169 i 4500
001 170810
003 ES-MaACL
005 20230906214451.0
008 090407s18921894sp |||| | spa d
080 _a94(460)
110 2 _aReal Academia de la Historia (España)
_96309
245 1 0 _aDiscursos leídos ante la Academia de la Historia,
_f1892-1894 /
_cReal Academia de la Historia.
260 _aMadrid :
_b[s.n.],
_c1892 (
_fTip. de Fontanet)
300 _a1 v. ;
_c25 cm.
505 8 _aContiene: Del mosaico desde su origen hasta el siglo XIII / Marqués de la Vega de Armijo (57 p.). Contestación / Manuel Colmeiro (p. 59-67). Ambrosio Spínola, primer marqués de los Balbases / Antonio Rodríguez Villa (102 p.). Contestación / Marcelino Menéndez y Pelayo (p. 103-118). Reinado de Felipe V / Joaquín Maldonado Macanaz (103 p.). Contestación / Antonio Sánchez Moguel (p. 106-122). La Alcarria en sus dos primeros siglos de reconquista / Juan Catalina García (154 p.).
852 _aES-MaACL
_jK-125
_z- Enc. pasta española
999 _c170810
_d170810